[Event "DVM U20 2020"]
[Site "Willingen GER"]
[Date "2021.06.26"]
[Round "6"]
[White "Vuckovic, Robert"]
[Black "Glinzner, Alva"]
[Result "1/2-1/2"]
[Termination "normal"]
[Board "2.5"]
[WhiteElo "1827"]
[BlackElo "1855"]
[WhiteClock "00:25:34"]
[BlackClock "00:03:14"]
[WhiteTeam "Schachfreunde Augsburg"]
[BlackTeam "Lübecker SV von 1873"]
[PlyCount "124"]
[WhiteFideId "12998680"]
[BlackFideId "16206169"]
[EventCountry "GER"]
[EventRounds "7"]
[EventType "team-swiss"]
[EventDate "2021.06.23"]

1. e4 {[%clk 01:30:58]} {[%emt 00:00:01]} c6 {[%clk 01:30:50]} {[%emt
00:00:11]} 2. d4 {[%clk 01:31:16]} {[%emt 00:00:12]} d5 {[%clk 01:31:16]}
{[%emt 00:00:03]} 3. e5 {[%clk 01:31:33]} {[%emt 00:00:13]} Bf5 {[%clk
01:31:12]} {[%emt 00:00:35]} 4. h4 {[%clk 01:31:56]} {[%emt 00:00:07]} h6
{[%clk 01:29:51]} {[%emt 00:01:51]} 5. g4 {[%clk 01:32:11]} {[%emt 00:00:15]}
Bd7 {[%clk 01:29:51]} {[%emt 00:00:30]} 6. Be3 {[%clk 01:20:42]} {[%emt
00:11:59]} e6 {[%clk 01:26:46]} {[%emt 00:03:34]} 7. Nd2 {[%clk 01:18:03]}
{[%emt 00:03:09]} c5 {[%clk 01:15:56]} {[%emt 00:11:21]} 8. dxc5 {[%clk
01:12:39]} {[%emt 00:05:53]} Nc6 {[%clk 01:15:26]} {[%emt 00:01:00]} 9. Ngf3
{[%clk 01:10:06]} {[%emt 00:03:03]} Qc7 {[%clk 01:15:11]} {[%emt 00:00:45]} 10.
Bg2 {[%clk 01:06:46]} {[%emt 00:03:51]} Nxe5 {[%clk 01:10:43]} {[%emt
00:04:58]} 11. Nxe5 {[%clk 01:06:17]} {[%emt 00:00:59]} Qxe5 {[%clk 01:10:56]}
{[%emt 00:00:16]} 12. O-O {[%clk 01:05:01]} {[%emt 00:01:46]} Ne7 {[%clk
00:54:12]} {[%emt 00:17:14]} 13. c3 {[%clk 01:03:40]} {[%emt 00:01:51]} h5
{[%clk 00:48:10]} {[%emt 00:06:33]} 14. Nf3 {[%clk 00:54:17]} {[%emt 00:09:53]}
Qe4 {[%clk 00:43:41]} {[%emt 00:04:59]} 15. g5 {[%clk 00:50:38]} {[%emt
00:04:09]} Qg4 {[%clk 00:32:03]} {[%emt 00:12:08]} 16. Re1 {[%clk 00:49:30]}
{[%emt 00:01:37]} Bc6 {[%clk 00:28:19]} {[%emt 00:04:14]} 17. Ne5 {[%clk
00:41:23]} {[%emt 00:08:37]} Qxh4 {[%clk 00:25:41]} {[%emt 00:03:08]} 18. Qf3
{[%clk 00:41:06]} {[%emt 00:00:47]} Nf5 {[%clk 00:23:37]} {[%emt 00:02:35]} 19.
g6 {[%clk 00:38:26]} {[%emt 00:03:10]} f6 {[%clk 00:20:33]} {[%emt 00:03:34]}
20. Nxc6 {[%clk 00:38:32]} {[%emt 00:00:24]} bxc6 {[%clk 00:20:46]} {[%emt
00:00:16]} 21. Qxf5 {[%clk 00:38:33]} {[%emt 00:00:29]} exf5 {[%clk 00:20:28]}
{[%emt 00:00:48]} 22. Bg5+ {[%clk 00:38:48]} {[%emt 00:00:15]} Qe4 {[%clk
00:20:42]} {[%emt 00:00:17]} 23. Bxe4 {[%clk 00:37:48]} {[%emt 00:01:30]} fxe4
{[%clk 00:21:04]} {[%emt 00:00:07]} 24. Be3 {[%clk 00:37:44]} {[%emt 00:00:34]}
f5 {[%clk 00:09:16]} {[%emt 00:12:19]} 25. Kh2 {[%clk 00:37:05]} {[%emt
00:01:09]} Rb8 {[%clk 00:07:15]} {[%emt 00:02:31]} 26. b4 {[%clk 00:36:46]}
{[%emt 00:00:48]} Be7 {[%clk 00:07:21]} {[%emt 00:00:24]} 27. Bd4 {[%clk
00:29:35]} {[%emt 00:07:42]} Rg8 {[%clk 00:05:49]} {[%emt 00:02:01]} 28. Rg1
{[%clk 00:26:19]} {[%emt 00:03:46]} Kd7 {[%clk 00:05:30]} {[%emt 00:00:49]} 29.
a3 {[%clk 00:23:58]} {[%emt 00:02:51]} Ke6 {[%clk 00:04:59]} {[%emt 00:01:01]}
30. f3 {[%clk 00:17:56]} {[%emt 00:06:32]} Bf6 {[%clk 00:02:25]} {[%emt
00:03:05]} 31. fxe4 {[%clk 00:17:13]} {[%emt 00:01:12]} dxe4 {[%clk 00:02:42]}
{[%emt 00:00:13]} 32. Kg3 {[%clk 00:15:54]} {[%emt 00:01:49]} Be5+ {[%clk
00:01:31]} {[%emt 00:01:41]} 33. Kh4 {[%clk 00:15:34]} {[%emt 00:00:49]} Bf6+
{[%clk 00:01:17]} {[%emt 00:00:46]} 34. Kg3 {[%clk 00:15:24]} {[%emt 00:00:39]}
Be5+ {[%clk 00:01:36]} {[%emt 00:00:11]} 35. Kh4 {[%clk 00:15:51]} {[%emt
00:00:04]} Rh8 {[%clk 00:00:47]} {[%emt 00:01:19]} 36. Raf1 {[%clk 00:15:28]}
{[%emt 00:00:51]} Rbf8 {[%clk 00:01:01]} {[%emt 00:00:17]} 37. Rd1 {[%clk
00:13:07]} {[%emt 00:02:51]} Rd8 {[%clk 00:00:41]} {[%emt 00:00:50]} 38. Kg5
{[%clk 00:10:22]} {[%emt 00:03:15]} Bf6+ {[%clk 00:00:35]} {[%emt 00:00:38]}
39. Bxf6 {[%clk 00:10:10]} {[%emt 00:00:41]} gxf6+ {[%clk 00:01:04]} {[%emt
00:00:01]} 40. Kf4 {[%clk 00:10:20]} {[%emt 00:00:19]} Rhg8 {[%clk 00:00:45]}
{[%emt 00:00:50]} 41. Rd6+ {[%clk 00:08:55]} {[%emt 00:01:54]} Rxd6 {[%clk
00:29:48]} {[%emt 00:01:27]} 42. cxd6 {[%clk 00:39:17]} {[%emt 00:00:08]} e3
{[%clk 00:29:06]} {[%emt 00:01:12]} 43. Rg3 {[%clk 00:39:29]} {[%emt 00:00:19]}
Kxd6 {[%clk 00:26:02]} {[%emt 00:03:33]} 44. Rxe3 {[%clk 00:37:06]} {[%emt
00:02:52]} Rxg6 {[%clk 00:24:13]} {[%emt 00:02:20]} 45. Kxf5 {[%clk 00:37:26]}
{[%emt 00:00:11]} Rh6 {[%clk 00:24:33]} {[%emt 00:00:10]} 46. c4 {[%clk
00:36:26]} {[%emt 00:01:30]} h4 {[%clk 00:23:59]} {[%emt 00:01:04]} 47. Rd3+
{[%clk 00:34:33]} {[%emt 00:02:22]} Kc7 {[%clk 00:23:55]} {[%emt 00:00:34]} 48.
Rh3 {[%clk 00:33:43]} {[%emt 00:01:20]} Kb6 {[%clk 00:22:40]} {[%emt 00:01:46]}
49. Ke6 {[%clk 00:32:57]} {[%emt 00:01:16]} a5 {[%clk 00:20:58]} {[%emt
00:02:12]} 50. Kf5 {[%clk 00:32:56]} {[%emt 00:00:30]} a4 {[%clk 00:13:52]}
{[%emt 00:07:36]} 51. Ke6 {[%clk 00:30:33]} {[%emt 00:02:53]} Rg6 {[%clk
00:11:47]} {[%emt 00:02:36]} 52. Rxh4 {[%clk 00:28:55]} {[%emt 00:02:09]} Rg3
{[%clk 00:12:11]} {[%emt 00:00:05]} 53. Rh8 {[%clk 00:28:06]} {[%emt 00:01:18]}
Rxa3 {[%clk 00:11:33]} {[%emt 00:01:08]} 54. Ra8 {[%clk 00:27:13]} {[%emt
00:01:22]} Re3 {[%clk 00:09:44]} {[%emt 00:02:21]} 55. Kxf6 {[%clk 00:24:03]}
{[%emt 00:03:40]} a3 {[%clk 00:10:02]} {[%emt 00:00:12]} 56. Ra5 {[%clk
00:24:12]} {[%emt 00:00:19]} Rb3 {[%clk 00:03:27]} {[%emt 00:07:06]} 57. c5+
{[%clk 00:24:15]} {[%emt 00:00:26]} Kb7 {[%clk 00:03:52]} {[%emt 00:00:06]} 58.
Ke5 {[%clk 00:24:01]} {[%emt 00:00:44]} Kc7 {[%clk 00:02:23]} {[%emt 00:01:59]}
59. Ra7+ {[%clk 00:24:30]} {[%emt 00:00:02]} Kb8 {[%clk 00:02:27]} {[%emt
00:00:26]} 60. Ra4 {[%clk 00:24:55]} {[%emt 00:00:04]} Kc7 {[%clk 00:02:26]}
{[%emt 00:00:31]} 61. Ra7+ {[%clk 00:25:10]} {[%emt 00:00:15]} Kb8 {[%clk
00:02:48]} {[%emt 00:00:08]} 62. Ra4 {[%clk 00:25:34]} {[%emt 00:00:06]} Kc7
{[%clk 00:03:14]} {[%emt 00:00:05]} 1/2-1/2

[Event "DVM U20 2020"]
[Site "Willingen GER"]
[Date "2021.06.26"]
[Round "6"]
[White "Sommer, Justus"]
[Black "Weisheit, Erik"]
[Result "0-1"]
[Termination "normal"]
[Board "2.6"]
[WhiteElo "1744"]
[BlackElo "1942"]
[WhiteClock "01:18:41"]
[BlackClock "01:09:30"]
[WhiteTeam "Lübecker SV von 1873"]
[BlackTeam "Schachfreunde Augsburg"]
[PlyCount "36"]
[WhiteFideId "16245008"]
[BlackFideId "12981702"]
[EventCountry "GER"]
[EventRounds "7"]
[EventType "team-swiss"]
[EventDate "2021.06.23"]

1. e4 {[%clk 01:30:54]} {[%emt 00:00:04]} e6 {[%clk 01:30:30]} {[%emt
00:00:32]} 2. d4 {[%clk 01:30:58]} {[%emt 00:00:26]} d5 {[%clk 01:30:46]}
{[%emt 00:00:15]} 3. Nc3 {[%clk 01:31:00]} {[%emt 00:00:27]} Nf6 {[%clk
01:29:48]} {[%emt 00:01:29]} 4. Bg5 {[%clk 01:31:05]} {[%emt 00:00:24]} Be7
{[%clk 01:29:17]} {[%emt 00:01:02]} 5. exd5 {[%clk 01:30:50]} {[%emt 00:00:46]}
exd5 {[%clk 01:29:35]} {[%emt 00:00:11]} 6. Bd3 {[%clk 01:30:22]} {[%emt
00:00:56]} Nc6 {[%clk 01:29:37]} {[%emt 00:00:30]} 7. Nce2 {[%clk 01:30:33]}
{[%emt 00:00:18]} Nb4 {[%clk 01:27:40]} {[%emt 00:02:29]} 8. Bb5+ {[%clk
01:29:37]} {[%emt 00:01:25]} c6 {[%clk 01:27:01]} {[%emt 00:01:08]} 9. Ba4
{[%clk 01:29:46]} {[%emt 00:00:21]} Bf5 {[%clk 01:25:05]} {[%emt 00:02:26]} 10.
Ng3 {[%clk 01:25:25]} {[%emt 00:04:49]} Bg6 {[%clk 01:20:24]} {[%emt 00:05:12]}
11. Qd2 {[%clk 01:22:55]} {[%emt 00:02:58]} Qa5 {[%clk 01:17:42]} {[%emt
00:03:15]} 12. Bb3 {[%clk 01:19:33]} {[%emt 00:03:52]} Nxc2+ {[%clk 01:17:28]}
{[%emt 00:00:44]} 13. Kd1 {[%clk 01:18:45]} {[%emt 00:01:18]} Qxd2+ {[%clk
01:17:14]} {[%emt 00:00:44]} 14. Kxd2 {[%clk 01:19:00]} {[%emt 00:00:15]} Nxa1
{[%clk 01:17:24]} {[%emt 00:00:19]} 15. Bd1 {[%clk 01:19:24]} {[%emt 00:00:06]}
Ne4+ {[%clk 01:10:36]} {[%emt 00:07:19]} 16. Nxe4 {[%clk 01:19:32]} {[%emt
00:00:22]} Bxe4 {[%clk 01:10:56]} {[%emt 00:00:10]} 17. Nf3 {[%clk 01:18:34]}
{[%emt 00:01:28]} Bxf3 {[%clk 01:09:46]} {[%emt 00:01:40]} 18. Re1 {[%clk
01:18:41]} {[%emt 00:00:22]} f6 {[%clk 01:09:30]} {[%emt 00:00:48]} 0-1

[Event "DVM U20 2020"]
[Site "Willingen GER"]
[Date "2021.06.26"]
[Round "6"]
[White "Schneider, Jana"]
[Black "Burian, Simon"]
[Result "1-0"]
[Termination "normal"]
[Board "3.1"]
[WhiteTitle "FM"]
[WhiteElo "2321"]
[BlackElo "2106"]
[WhiteClock "00:26:18"]
[BlackClock "00:31:37"]
[WhiteTeam "SC Bavaria Regensburg von 1881 e.V."]
[BlackTeam "Schachklub König Plauen"]
[PlyCount "53"]
[WhiteFideId "12924997"]
[BlackFideId "12956902"]
[EventCountry "GER"]
[EventRounds "7"]
[EventType "team-swiss"]
[EventDate "2021.06.23"]

1. e4 {[%clk 01:30:56]} {[%emt 00:00:04]} c6 {[%clk 01:30:54]} {[%emt
00:00:07]} 2. d4 {[%clk 01:31:16]} {[%emt 00:00:10]} d5 {[%clk 01:31:20]}
{[%emt 00:00:04]} 3. e5 {[%clk 01:31:40]} {[%emt 00:00:05]} c5 {[%clk
01:31:39]} {[%emt 00:00:11]} 4. dxc5 {[%clk 01:32:01]} {[%emt 00:00:09]} e6
{[%clk 01:32:01]} {[%emt 00:00:09]} 5. Nf3 {[%clk 01:31:50]} {[%emt 00:00:40]}
Bxc5 {[%clk 01:32:23]} {[%emt 00:00:08]} 6. Bd3 {[%clk 01:32:08]} {[%emt
00:00:12]} Ne7 {[%clk 01:32:41]} {[%emt 00:00:12]} 7. O-O {[%clk 01:31:48]}
{[%emt 00:00:50]} Ng6 {[%clk 01:32:56]} {[%emt 00:00:16]} 8. a3 {[%clk
01:23:58]} {[%emt 00:08:19]} Be7 {[%clk 01:33:21]} {[%emt 00:00:05]} 9. Re1
{[%clk 01:22:35]} {[%emt 00:01:53]} Nc6 {[%clk 01:31:33]} {[%emt 00:02:19]} 10.
b4 {[%clk 01:21:20]} {[%emt 00:01:44]} f6 {[%clk 01:31:50]} {[%emt 00:00:13]}
11. Bxg6+ {[%clk 01:17:54]} {[%emt 00:03:56]} hxg6 {[%clk 01:32:15]} {[%emt
00:00:05]} 12. Bb2 {[%clk 01:12:25]} {[%emt 00:05:58]} f5 {[%clk 01:28:29]}
{[%emt 00:04:17]} 13. Qe2 {[%clk 01:08:23]} {[%emt 00:04:32]} g5 {[%clk
01:23:28]} {[%emt 00:05:31]} 14. h3 {[%clk 00:54:58]} {[%emt 00:13:55]} Kf7
{[%clk 01:16:26]} {[%emt 00:07:32]} 15. Nbd2 {[%clk 00:53:32]} {[%emt
00:01:56]} Qg8 {[%clk 01:05:34]} {[%emt 00:11:22]} 16. c4 {[%clk 00:45:16]}
{[%emt 00:08:46]} dxc4 {[%clk 01:02:37]} {[%emt 00:03:28]} 17. Nxc4 {[%clk
00:43:55]} {[%emt 00:01:50]} g4 {[%clk 00:57:33]} {[%emt 00:05:34]} 18. Nh2
{[%clk 00:30:43]} {[%emt 00:13:42]} gxh3 {[%clk 00:55:29]} {[%emt 00:02:34]}
19. g4 {[%clk 00:29:21]} {[%emt 00:01:51]} fxg4 {[%clk 00:45:32]} {[%emt
00:10:28]} 20. Qxg4 {[%clk 00:29:18]} {[%emt 00:00:33]} Qh7 {[%clk 00:45:18]}
{[%emt 00:00:44]} 21. b5 {[%clk 00:28:14]} {[%emt 00:01:34]} Nd8 {[%clk
00:43:53]} {[%emt 00:01:55]} 22. Nd6+ {[%clk 00:25:15]} {[%emt 00:03:29]} Bxd6
{[%clk 00:38:56]} {[%emt 00:05:27]} 23. exd6 {[%clk 00:25:39]} {[%emt
00:00:06]} Qg6 {[%clk 00:37:36]} {[%emt 00:01:50]} 24. Rac1 {[%clk 00:25:35]}
{[%emt 00:00:33]} Qxg4+ {[%clk 00:35:59]} {[%emt 00:02:07]} 25. Nxg4 {[%clk
00:25:59]} {[%emt 00:00:06]} Rh5 {[%clk 00:33:30]} {[%emt 00:03:00]} 26. Rc7+
{[%clk 00:25:57]} {[%emt 00:00:31]} Kf8 {[%clk 00:31:37]} {[%emt 00:02:24]} 27.
Bxg7+ {[%clk 00:26:18]} {[%emt 00:00:09]} 1-0

[Event "DVM U20 2020"]
[Site "Willingen GER"]
[Date "2021.06.26"]
[Round "6"]
[White "Linnert, Niklas"]
[Black "Goldbeck, Lars"]
[Result "1/2-1/2"]
[Termination "normal"]
[Board "3.2"]
[BlackTitle "FM"]
[WhiteElo "2043"]
[BlackElo "2235"]
[WhiteClock "00:17:17"]
[BlackClock "00:03:55"]
[WhiteTeam "Schachklub König Plauen"]
[BlackTeam "SC Bavaria Regensburg von 1881 e.V."]
[PlyCount "119"]
[WhiteFideId "12974781"]
[BlackFideId "16208188"]
[EventCountry "GER"]
[EventRounds "7"]
[EventType "team-swiss"]
[EventDate "2021.06.23"]

1. e4 {[%clk 01:30:57]} {[%emt 00:00:03]} c6 {[%clk 01:30:54]} {[%emt
00:00:06]} 2. d4 {[%clk 01:31:20]} {[%emt 00:00:07]} d5 {[%clk 01:31:23]} 3.
exd5 {[%clk 01:31:25]} {[%emt 00:00:26]} cxd5 {[%clk 01:31:51]} {[%emt
00:00:02]} 4. Bd3 {[%clk 01:31:44]} {[%emt 00:00:10]} Nc6 {[%clk 01:30:44]}
{[%emt 00:01:37]} 5. c3 {[%clk 01:30:24]} {[%emt 00:01:50]} Nf6 {[%clk
01:30:45]} {[%emt 00:00:29]} 6. h3 {[%clk 01:30:41]} {[%emt 00:00:13]} g6
{[%clk 01:30:15]} {[%emt 00:01:00]} 7. Nf3 {[%clk 01:30:40]} {[%emt 00:00:31]}
Bf5 {[%clk 01:30:22]} {[%emt 00:00:23]} 8. O-O {[%clk 01:28:38]} {[%emt
00:02:32]} Qc7 {[%clk 01:28:47]} {[%emt 00:02:05]} 9. Re1 {[%clk 01:28:28]}
{[%emt 00:00:40]} Bg7 {[%clk 01:27:26]} {[%emt 00:01:52]} 10. Bf1 {[%clk
01:23:32]} {[%emt 00:05:25]} O-O {[%clk 01:27:20]} {[%emt 00:00:36]} 11. Be3
{[%clk 01:22:36]} {[%emt 00:01:26]} Rad8 {[%clk 01:22:04]} {[%emt 00:05:46]}
12. Qc1 {[%clk 01:21:56]} {[%emt 00:01:11]} Rfe8 {[%clk 01:21:29]} {[%emt
00:01:04]} 13. Bh6 {[%clk 01:20:34]} {[%emt 00:01:52]} Bh8 {[%clk 01:21:43]}
{[%emt 00:00:16]} 14. Nbd2 {[%clk 01:20:20]} {[%emt 00:00:44]} a6 {[%clk
01:17:39]} {[%emt 00:04:34]} 15. g4 {[%clk 00:58:27]} {[%emt 00:22:22]} Bc8
{[%clk 01:16:30]} {[%emt 00:01:39]} 16. Bg2 {[%clk 00:56:59]} {[%emt 00:01:59]}
Bg7 {[%clk 01:14:12]} {[%emt 00:02:47]} 17. Bg5 {[%clk 00:42:33]} {[%emt
00:14:56]} h5 {[%clk 00:52:17]} {[%emt 00:22:26]} 18. Bxf6 {[%clk 00:38:29]}
{[%emt 00:04:34]} Bxf6 {[%clk 00:52:12]} {[%emt 00:00:34]} 19. gxh5 {[%clk
00:38:54]} {[%emt 00:00:06]} gxh5 {[%clk 00:51:58]} {[%emt 00:00:44]} 20. Kh1
{[%clk 00:37:29]} {[%emt 00:01:55]} Qf4 {[%clk 00:51:42]} {[%emt 00:00:45]} 21.
Nf1 {[%clk 00:35:47]} {[%emt 00:02:13]} Qxc1 {[%clk 00:51:48]} {[%emt
00:00:23]} 22. Raxc1 {[%clk 00:36:16]} {[%emt 00:00:02]} Kh7 {[%clk 00:47:46]}
{[%emt 00:04:32]} 23. Ne5 {[%clk 00:34:57]} {[%emt 00:01:50]} Nxe5 {[%clk
00:46:31]} {[%emt 00:01:44]} 24. dxe5 {[%clk 00:35:19]} {[%emt 00:00:08]} Bg5
{[%clk 00:45:02]} {[%emt 00:01:58]} 25. Rcd1 {[%clk 00:35:39]} {[%emt
00:00:11]} e6 {[%clk 00:45:25]} {[%emt 00:00:06]} 26. Rd4 {[%clk 00:35:22]}
{[%emt 00:00:47]} h4 {[%clk 00:36:36]} {[%emt 00:09:19]} 27. f4 {[%clk
00:35:23]} {[%emt 00:00:30]} Be7 {[%clk 00:37:02]} {[%emt 00:00:04]} 28. f5
{[%clk 00:35:48]} {[%emt 00:00:06]} exf5 {[%clk 00:35:48]} {[%emt 00:01:44]}
29. Bxd5 {[%clk 00:35:46]} {[%emt 00:00:30]} Kg7 {[%clk 00:32:27]} {[%emt
00:03:51]} 30. b4 {[%clk 00:28:13]} {[%emt 00:08:04]} b5 {[%clk 00:23:27]}
{[%emt 00:09:30]} 31. Ne3 {[%clk 00:26:47]} {[%emt 00:01:56]} Bg5 {[%clk
00:19:52]} {[%emt 00:04:04]} 32. Ng2 {[%clk 00:24:01]} {[%emt 00:03:16]} Be6
{[%clk 00:15:43]} {[%emt 00:04:39]} 33. Red1 {[%clk 00:21:22]} {[%emt
00:03:09]} Bxd5 {[%clk 00:14:41]} {[%emt 00:01:33]} 34. Rxd5 {[%clk 00:21:48]}
{[%emt 00:00:04]} Rxd5 {[%clk 00:14:46]} {[%emt 00:00:25]} 35. Rxd5 {[%clk
00:22:17]} Rc8 {[%clk 00:15:15]} 36. Rd3 {[%clk 00:21:22]} {[%emt 00:01:26]}
Re8 {[%clk 00:09:08]} {[%emt 00:06:36]} 37. Rd5 {[%clk 00:19:17]} {[%emt
00:02:35]} f6 {[%clk 00:09:04]} {[%emt 00:00:35]} 38. exf6+ {[%clk 00:19:03]}
{[%emt 00:00:44]} Kxf6 {[%clk 00:09:19]} {[%emt 00:00:15]} 39. Kg1 {[%clk
00:18:27]} {[%emt 00:01:06]} Re2 {[%clk 00:07:33]} {[%emt 00:02:15]} 40. Rd6+
{[%clk 00:18:29]} {[%emt 00:00:29]} Re6 {[%clk 00:07:57]} {[%emt 00:00:06]} 41.
Rd3 {[%clk 00:18:16]} {[%emt 00:00:43]} Re2 {[%clk 00:29:09]} {[%emt 00:09:18]}
42. Rd6+ {[%clk 00:47:21]} {[%emt 00:01:25]} Re6 {[%clk 00:23:05]} {[%emt
00:06:34]} 43. Rd3 {[%clk 00:47:26]} {[%emt 00:00:24]} Ke5 {[%clk 00:18:50]}
{[%emt 00:04:45]} 44. Kf2 {[%clk 00:42:11]} {[%emt 00:05:46]} Rc6 {[%clk
00:10:26]} {[%emt 00:08:54]} 45. Ne1 {[%clk 00:36:05]} {[%emt 00:06:37]} Bf6
{[%clk 00:08:32]} {[%emt 00:02:24]} 46. Ke3 {[%clk 00:25:25]} {[%emt 00:11:10]}
Ke6 {[%clk 00:06:01]} {[%emt 00:03:00]} 47. Kd2 {[%clk 00:24:15]} {[%emt
00:01:39]} Rc4 {[%clk 00:05:58]} {[%emt 00:00:34]} 48. Nf3 {[%clk 00:23:25]}
{[%emt 00:01:20]} Rc8 {[%clk 00:05:10]} {[%emt 00:01:18]} 49. Nd4+ {[%clk
00:22:24]} {[%emt 00:01:31]} Bxd4 {[%clk 00:03:54]} {[%emt 00:01:46]} 50. Rxd4
{[%clk 00:22:32]} {[%emt 00:00:22]} Rh8 {[%clk 00:04:04]} {[%emt 00:00:19]} 51.
c4 {[%clk 00:22:14]} {[%emt 00:00:49]} Ke5 {[%clk 00:03:46]} {[%emt 00:00:49]}
52. Ke3 {[%clk 00:22:43]} bxc4 53. Rxc4 {[%clk 00:23:12]} Rg8 {[%clk 00:02:53]}
{[%emt 00:00:16]} 54. Rc5+ {[%clk 00:21:47]} {[%emt 00:01:56]} Ke6 {[%clk
00:03:13]} {[%emt 00:00:08]} 55. Kf4 {[%clk 00:21:43]} {[%emt 00:00:35]} Rg3
{[%clk 00:03:27]} {[%emt 00:00:15]} 56. Rxf5 {[%clk 00:20:53]} {[%emt
00:01:21]} Rxh3 {[%clk 00:03:09]} {[%emt 00:00:48]} 57. Ra5 {[%clk 00:21:14]}
{[%emt 00:00:09]} Rh2 {[%clk 00:03:15]} {[%emt 00:00:23]} 58. Rxa6+ {[%clk
00:21:33]} {[%emt 00:00:12]} Kd7 {[%clk 00:03:43]} {[%emt 00:00:03]} 59. b5
{[%clk 00:17:14]} {[%emt 00:04:49]} Rb2 {[%clk 00:03:55]} {[%emt 00:00:17]} 60.
Rh6 {[%clk 00:17:17]} {[%emt 00:00:26]} 1/2-1/2

[Event "DVM U20 2020"]
[Site "Willingen GER"]
[Date "2021.06.26"]
[Round "6"]
[White "Oberhofer, Cédric"]
[Black "Graf, Lucas"]
[Result "1-0"]
[Termination "normal"]
[Board "3.3"]
[WhiteElo "2262"]
[BlackElo "1882"]
[WhiteClock "00:03:46"]
[BlackClock "00:00:50"]
[WhiteTeam "SC Bavaria Regensburg von 1881 e.V."]
[BlackTeam "Schachklub König Plauen"]
[PlyCount "79"]
[WhiteFideId "12941220"]
[BlackFideId "12974889"]
[EventCountry "GER"]
[EventRounds "7"]
[EventType "team-swiss"]
[EventDate "2021.06.23"]

1. d4 {[%clk 01:30:58]} {[%emt 00:00:01]} Nf6 {[%clk 01:30:54]} {[%emt
00:00:06]} 2. c4 {[%clk 01:31:18]} {[%emt 00:00:10]} e6 {[%clk 01:31:15]}
{[%emt 00:00:09]} 3. g3 {[%clk 01:31:41]} {[%emt 00:00:07]} d5 {[%clk
01:31:37]} {[%emt 00:00:07]} 4. Nf3 {[%clk 01:32:05]} {[%emt 00:00:07]} Be7
{[%clk 01:32:03]} {[%emt 00:00:04]} 5. Bg2 {[%clk 01:32:23]} {[%emt 00:00:12]}
O-O {[%clk 01:32:27]} {[%emt 00:00:06]} 6. O-O {[%clk 01:32:47]} {[%emt
00:00:06]} dxc4 {[%clk 01:32:12]} {[%emt 00:00:46]} 7. Qc2 {[%clk 01:33:06]}
{[%emt 00:00:10]} a6 {[%clk 01:32:29]} {[%emt 00:00:13]} 8. a4 {[%clk
01:32:28]} {[%emt 00:01:08]} Bd7 {[%clk 01:31:17]} {[%emt 00:01:41]} 9. Qxc4
{[%clk 01:32:42]} {[%emt 00:00:16]} Bc6 {[%clk 01:29:56]} {[%emt 00:01:51]} 10.
Bg5 {[%clk 01:29:43]} {[%emt 00:03:29]} Bd5 {[%clk 01:24:34]} {[%emt 00:05:52]}
11. Qc1 {[%clk 01:26:12]} {[%emt 00:04:02]} Nc6 {[%clk 01:16:11]} {[%emt
00:08:53]} 12. e3 {[%clk 01:22:57]} {[%emt 00:03:45]} Ne4 {[%clk 01:06:10]}
{[%emt 00:10:31]} 13. Bxe7 {[%clk 01:23:06]} {[%emt 00:00:21]} Qxe7 {[%clk
01:06:31]} {[%emt 00:00:09]} 14. Nc3 {[%clk 01:17:02]} {[%emt 00:06:33]} Nxc3
{[%clk 00:59:35]} {[%emt 00:07:27]} 15. Qxc3 {[%clk 01:15:28]} {[%emt
00:02:04]} a5 {[%clk 00:52:38]} {[%emt 00:07:27]} 16. Rfc1 {[%clk 01:09:50]}
{[%emt 00:06:07]} Rfc8 {[%clk 00:49:43]} {[%emt 00:03:24]} 17. Nd2 {[%clk
00:58:48]} {[%emt 00:11:33]} Bxg2 {[%clk 00:47:13]} {[%emt 00:03:01]} 18. Kxg2
{[%clk 00:58:25]} {[%emt 00:00:53]} Qf6 {[%clk 00:41:07]} {[%emt 00:06:36]} 19.
Nb3 {[%clk 00:50:45]} {[%emt 00:08:09]} Qf5 {[%clk 00:37:00]} {[%emt 00:04:38]}
20. f3 {[%clk 00:47:50]} {[%emt 00:03:25]} h5 {[%clk 00:30:52]} {[%emt
00:06:38]} 21. Nc5 {[%clk 00:43:36]} {[%emt 00:04:44]} Rab8 {[%clk 00:31:00]}
{[%emt 00:00:22]} 22. Qd3 {[%clk 00:41:27]} {[%emt 00:02:39]} Qg5 {[%clk
00:26:51]} {[%emt 00:04:39]} 23. Qe4 {[%clk 00:37:18]} {[%emt 00:04:38]} h4
{[%clk 00:22:59]} {[%emt 00:04:22]} 24. Rc3 {[%clk 00:34:38]} {[%emt 00:03:10]}
hxg3 {[%clk 00:22:21]} {[%emt 00:01:09]} 25. hxg3 {[%clk 00:34:59]} {[%emt
00:00:09]} Qd5 {[%clk 00:19:34]} {[%emt 00:03:16]} 26. Qh4 {[%clk 00:31:20]}
{[%emt 00:04:10]} f6 {[%clk 00:15:08]} {[%emt 00:04:55]} 27. Nd3 {[%clk
00:20:27]} {[%emt 00:11:23]} Ne7 {[%clk 00:12:07]} {[%emt 00:03:31]} 28. Nf4
{[%clk 00:17:58]} {[%emt 00:03:00]} Nf5 {[%clk 00:09:07]} {[%emt 00:03:29]} 29.
Qh5 {[%clk 00:17:51]} {[%emt 00:00:38]} Qd7 {[%clk 00:08:16]} {[%emt 00:01:20]}
30. Rh1 {[%clk 00:15:25]} {[%emt 00:02:56]} b5 {[%clk 00:04:24]} {[%emt
00:04:23]} 31. Qh7+ {[%clk 00:13:18]} {[%emt 00:02:37]} Kf8 {[%clk 00:04:49]}
{[%emt 00:00:04]} 32. g4 {[%clk 00:09:48]} {[%emt 00:04:00]} Ne7 {[%clk
00:02:57]} {[%emt 00:02:22]} 33. Ng6+ {[%clk 00:06:40]} {[%emt 00:03:39]} Kf7
{[%clk 00:03:02]} {[%emt 00:00:25]} 34. Nxe7 {[%clk 00:05:53]} {[%emt
00:01:17]} Qxe7 {[%clk 00:03:24]} {[%emt 00:00:08]} 35. Qh5+ {[%clk 00:06:11]}
{[%emt 00:00:12]} Kg8 {[%clk 00:03:40]} {[%emt 00:00:13]} 36. axb5 {[%clk
00:05:18]} {[%emt 00:01:23]} c6 {[%clk 00:01:54]} {[%emt 00:02:16]} 37. Rc5
{[%clk 00:04:29]} {[%emt 00:01:20]} e5 {[%clk 00:01:33]} {[%emt 00:00:51]} 38.
g5 {[%clk 00:03:38]} {[%emt 00:01:21]} fxg5 {[%clk 00:00:40]} {[%emt 00:01:22]}
39. Rxe5 {[%clk 00:03:31]} {[%emt 00:00:37]} Qf6 {[%clk 00:00:50]} {[%emt
00:00:21]} 40. Qh7+ {[%clk 00:03:46]} {[%emt 00:00:15]} 1-0